The nodular cast iron half-hard rolls hardness assurance through the chemical composition

Bibliographic Details
Main Authors: Kiss, Imre (Author), Cioata, Vasile George (Author)
Format: Article
Language:Slovak
English
PhysicalDescription:Grafy, sch., tab.
ISSN:1335-7972
Subjects:

MARC

LEADER 00000nab a2200000 a 4500
001 vtls009337210
003 SK-MaSNL
005 20260304153805.0
008 250506c2008 xo |||||||||||000 b|slo
015 |a SNBRB2008/09  |2 snkbucl 
035 |a (sysno)vtls009337210 
035 |a urn:nbn:sk:snk-ab72de 
035 |a (uuid)7e17ddc8-9911-49d5-9996-b5e12526c01b 
035 |a (urnnbn)urn:nbn:sk:snk:ar-a06po8 
038 |a SNKBUCL 
040 |a SNKBUCL  |b slo  |c SNKBUCL  |e AACR2 
041 0 |a eng  |b eng  |b slo 
044 |a xo  |c SK 
080 |a 621.771.07-034.13:539.53  |2 2001 
080 |a 539.53  |2 2001 
080 |a 669.13.017  |2 2001 
080 |a 621.74  |2 2001 
100 1 |a Kiss, Imre  |4 aut  |9 789302 
245 1 4 |a The nodular cast iron half-hard rolls hardness assurance through the chemical composition  |c Imre Kiss, Vasile George Cioata 
246 3 1 |a Zaručenie tvrdosti polotvrdených zvitkov nodulárnej zliatiny cez ich chemické zloženie 
300 |b Grafy, sch., tab. 
504 |a Bibliogr. odkazy 
546 |a Res. angl., slov. 
650 0 7 |a liatinové valce  |2 snkbucl  |9 1477671 
650 0 7 |a valcovacie valce  |2 snkbucl  |9 1085176 
650 0 7 |a tvrdosť  |2 snkbucl  |9 24358 
650 0 7 |a chemické zloženie  |2 snkbucl  |9 51163 
700 1 |a Cioata, Vasile George  |4 aut  |9 1477672 
773 0 |t Výrobné inžinierstvo = Manufacturing engineering  |g Roč. VII, č. 2 (2008), s. 79-82  |x 1335-7972 
850 |a Slovenská národná knižnica 
852 |a Slovenská národná knižnica 
958 |a article27 
958 |a NB 
958 |a OND 
958 |a EUIPO 
999 |c 2954959  |d 2956889